[Event "Titled Tuesday intern op 24th Oct Late"]
[Site "Chess.com INT"]
[Date "2023.10.24"]
[Round "9"]
[White "Harriott, Tyrell"]
[Black "Becerra, Juan David"]
[Result "1-0"]
[WhiteElo "1778"]
[BlackElo "2322"]
[PlyCount "45"]
[EventDate "2023.10.24"]
[EventType "swiss (blitz)"]
[EventRounds "11"]
[EventCountry "USA"]
[SourceTitle "Mega2024 Update 01"]
[Source "Chessbase"]
[SourceDate "2023.11.12"]
[SourceVersion "1"]
[SourceVersionDate "2023.11.12"]
[SourceQuality "1"]

1. d4 e6 2. e3 Nf6 3. Bd3 c5 4. f4 Nc6 5. c3 Be7 6. Nf3 0-0 7. 0-0 b6 8. a3 Bb7 9. e4 h6 10. Nbd2 cxd4 11. cxd4 d6 12. e5 dxe5 13. fxe5 Ng4 14. Nb3 Bg5 15. Nxg5 hxg5 16. Qxg4 Nxe5 17. Bh7+ Kxh7 18. dxe5 Qd5 19. Bxg5 Qxb3 20. Rf4 Qd5 21. Qh3+ Kg8 22. Rg4 Qxe5 23. Rf1 1-0

[Event "Titled Tuesday intern op 24th Oct Late"]
[Site "Chess.com INT"]
[Date "2023.10.24"]
[Round "1"]
[White "Harriott, Tyrell"]
[Black "Goroshkov, Maksym"]
[Result "0-1"]
[WhiteElo "1778"]
[BlackElo "2282"]
[PlyCount "50"]
[EventDate "2023.10.24"]
[EventType "swiss (blitz)"]
[EventRounds "11"]
[EventCountry "USA"]
[SourceTitle "Mega2024 Update 01"]
[Source "Chessbase"]
[SourceDate "2023.11.12"]
[SourceVersion "1"]
[SourceVersionDate "2023.11.12"]
[SourceQuality "1"]

1. d4 Nf6 2. e3 d5 3. Bd3 c5 4. c3 cxd4 5. exd4 Nc6 6. f4 Bg4 7. Ne2 Ne4 8. Nd2 e5 9. Nxe4 dxe4 10. Bxe4 exd4 11. Bxc6+ bxc6 12. Qxd4 Qh4+ 13. g3 Qh5 14. Qe4+ Kd7 15. Nd4 Re8 16. Qxe8+ Kxe8 17. 0-0 Bc5 18. Re1+ Kd7 19. Be3 Re8 20. Bf2 Bxd4 21. Bxd4 Qd5 22. Bxa7 Rxe1+ 23. Rxe1 Bh3 24. Re2 Qf3 25. Rd2+ Kc7 0-1

[Event "Titled Tuesday intern op 24th Oct Late"]
[Site "Chess.com INT"]
[Date "2023.10.24"]
[Round "4"]
[White "Harriott, Tyrell"]
[Black "Rottenwohrer Suarez, Juan"]
[Result "0-1"]
[WhiteElo "1778"]
[BlackElo "2246"]
[PlyCount "64"]
[EventDate "2023.10.24"]
[EventType "swiss (blitz)"]
[EventRounds "11"]
[EventCountry "USA"]
[SourceTitle "Mega2024 Update 01"]
[Source "Chessbase"]
[SourceDate "2023.11.12"]
[SourceVersion "1"]
[SourceVersionDate "2023.11.12"]
[SourceQuality "1"]

1. d4 d5 2. e3 Bf5 3. c4 e6 4. Qb3 Nd7 5. cxd5 exd5 6. Qxd5 Bxb1 7. Rxb1 Bb4+ 8. Bd2 Bxd2+ 9. Kxd2 Ngf6 10. Qxb7 0-0 11. Nf3 Nc5 12. Qc6 Nce4+ 13. Ke1 Rb8 14. Bd3 Rb6 15. Qc2 Qe7 16. Ne5 Nd6 17. Ke2 g6 18. Rhc1 Nd5 19. a3 Qh4 20. h3 Re8 21. Kf1 Qf6 22. Nf3 Rxe3 23. Bc4 Nxc4 24. Qxc4 Rxf3 25. Qxd5 Rxf2+ 26. Kg1 Rfxb2 27. Ra1 Rd6 28. Qa8+ Kg7 29. Rxc7 Qxd4+ 30. Kh1 Rxg2 31. Rac1 Rf2 32. Rc8 Qd5+ 0-1

[Event "Titled Tuesday intern op 24th Oct Late"]
[Site "Chess.com INT"]
[Date "2023.10.24"]
[Round "2"]
[White "Harriott, Tyrell"]
[Black "Tologontegin, Semetey"]
[Result "0-1"]
[WhiteElo "1778"]
[BlackElo "2368"]
[PlyCount "106"]
[EventDate "2023.10.24"]
[EventType "swiss (blitz)"]
[EventRounds "11"]
[EventCountry "USA"]
[SourceTitle "Mega2024 Update 01"]
[Source "Chessbase"]
[SourceDate "2023.11.12"]
[SourceVersion "1"]
[SourceVersionDate "2023.11.12"]
[SourceQuality "1"]

1. d4 a6 2. e3 d5 3. Bd3 c6 4. f4 Nf6 5. Nf3 Bg4 6. 0-0 e6 7. Nbd2 Nbd7 8. Qe1 Bxf3 9. gxf3 c5 10. c3 Be7 11. Kh1 0-0 12. Rg1 Kh8 13. Qg3 g6 14. Qh3 cxd4 15. cxd4 Rc8 16. Nf1 Qb6 17. b3 Rc3 18. Be2 Rfc8 19. Bd2 R3c6 20. Rd1 Bb4 21. Bd3 Bxd2 22. Nxd2 Rc3 23. Nb1 R3c6 24. Qh4 Qa5 25. Qf2 b5 26. e4 b4 27. e5 Nh5 28. Rg4 Rc1 29. Rgg1 Rxd1 30. Rxd1 Qb6 31. Qe3 a5 32. Rg1 Nb8 33. f5 exf5 34. Bxf5 gxf5 35. Qg5 Qg6 36. Qe7 Nc6 37. Qb7 Qe6 38. Qb6 Nf4 39. Nd2 Ne2 40. Re1 Nexd4 41. f4 Rg8 42. Rg1 Rxg1+ 43. Kxg1 Ne2+ 44. Kf2 Nxf4 45. Nf3 Nd3+ 46. Kf1 Ndxe5 47. Nd4 Nxd4 48. Qxd4 h6 49. a4 bxa3 50. Qa1 Qd6 51. Kg2 Kh7 52. Kh3 Ng4 53. b4 Qxh2# 0-1